Encyclopaedic dictionary of organic chemistry / (Record no. 61161)
[ view plain ]
| 000 -LEADER | |
|---|---|
| fixed length control field | 00567nam a22001457a 4500 |
| 008 - FIXED-LENGTH DATA ELEMENTS--GENERAL INFORMATION | |
| fixed length control field | 141020b xxu||||| |||| 00| 0 eng d |
| 020 ## - INTERNATIONAL STANDARD BOOK NUMBER | |
| International Standard Book Number | 818274167X |
| 082 ## - DEWEY DECIMAL CLASSIFICATION NUMBER | |
| Classification number | 540.803 MIL |
| 100 ## - MAIN ENTRY--PERSONAL NAME | |
| 9 (RLIN) | 694 |
| Personal name | Milton Jules K. |
| 245 ## - TITLE STATEMENT | |
| Title | Encyclopaedic dictionary of organic chemistry / |
| Statement of responsibility, etc. | compiled and edited by Jules K. Milton |
| 260 ## - PUBLICATION, DISTRIBUTION, ETC. | |
| Place of publication, distribution, etc. | New Delhi : |
| Name of publisher, distributor, etc. | Pentagon Press |
| Date of publication, distribution, etc. | c.2004. |
| 300 ## - PHYSICAL DESCRIPTION | |
| Extent | 208p. : |
| Other physical details | ill. ; |
| Dimensions | 23cm. |
| 500 ## - GENERAL NOTE | |
| General note | http://ec2-50-16-192-254.compute-1.amazonaws.com/encyclopaedic-dictionary-of-organic-chemistry-jules-k-milton-book-9788182741676 |
| 942 ## - ADDED ENTRY ELEMENTS (KOHA) | |
| Source of classification or shelving scheme | |
| Koha item type | Book |
| Withdrawn status | Lost status | Source of classification or shelving scheme | Damaged status | Not for loan | Permanent Location | Current Location | Shelving location | Date acquired | Source of acquisition | Coded location qualifier | Total Checkouts | Full call number | Barcode | Date last seen | Price effective from | Koha item type |
|---|---|---|---|---|---|---|---|---|---|---|---|---|---|---|---|---|
| Pakistan Navy Engineering College (PNEC) | Pakistan Navy Engineering College (PNEC) | Reference | 06/17/2005 | Vangaurd Books | 620 | 540.803 MIL | PNECLIB-026840 | 10/20/2014 | 06/17/2005 | Book |
